Teorie obvodů /

Hlavní autor: Bauer, Miroslav, 1921-1984
Korporativní autor: Vysoké učení technické v Brně. Fakulta elektrotechniky
Další autoři: Dědek, Libor, 1939-, Kalousek, Vlastimil
Jazyk: Čeština
Vydáno: Brno : Vysoké učení technické, 1988
Vydání: 4. vyd.
Edice: Učební texty vysokých škol
Témata:
Fyzický popis: 294 s.
Knihy
Uloženo v:
LEADER 01469nam a22003612a 4500
001 000311077
003 CZ BrMZK
005 20080124124157.0
007 ta
008 010907s1988 xr f cze d
015 |a cnb000044068 
035 |a (OCoLC)39407119 
040 |a BOA001  |b cze 
080 9 |a 621.3.011.7 
100 1 |a Bauer, Miroslav,  |d 1921-1984  |7 jz8000040  |4 aut 
245 1 0 |a Teorie obvodů /  |c M. Bauer, V. Kalousek, L. Dědek 
250 |a 4. vyd. 
260 |a Brno :  |b Vysoké učení technické,  |c 1988 
300 |a 294 s. 
490 1 |a Učební texty vysokých škol 
504 |a Obsahuje bibliografii 
550 |a Vyd.: Vysoké učení technické v Brně, Elektrotechnická fakulta 
700 1 |a Dědek, Libor,  |d 1939-  |7 jn20000703053  |4 aut 
700 1 |a Kalousek, Vlastimil  |7 stk2007405347  |4 aut 
710 2 |a Vysoké učení technické v Brně.  |b Fakulta elektrotechniky  |7 kn20010709418 
810 2 |a Vysoké učení technické v Brně.  |b Elektrotechnická fakulta.  |t Učební texty 
910 |a BOA001  |b TK-A-0238.744  |b 4-0937.278 
964 |a Obvody elektrické - učebnice - školy vysoké 
990 |a BK 
991 |b 200801 
996 6 |b 2619865421  |c 4-0937.278  |l MZK  |r Sklad / do 1 hodiny  |n 0  |w 000311077  |u 000040  |a 1  |e BOA001  |j MZK50  |s P 
996 7 |b 2619923077  |c 4-0937.278  |l MZK  |r Sklad / do 1 hodiny  |n 0  |w 000311077  |u 000030  |a 1  |e BOA001  |j MZK50  |s A 
996 7 |b 2629968187  |c TK-A-0238.744  |l MZK  |r Sklad / do 24 hodin  |n 0  |w 000311077  |u 000010  |a 1  |e BOA001  |j MZK50  |s A